LEADER 01338nam a2200289 a 4500 001 000000148080 003 CaOOAMICUS 005 20151211114711.0 008 151211s1967 fr u000 u fre r 032 $aLibriCat 040 $aPUL$bita 100 1 $aDelhaye, Philippe.$0(OLS)http://pul/name/16 245 13$aLe dialogue de l'E?glise et du monde d'apre?s Gaudium et Spes :$bSchema XIII /$cPhilippe Delhaye. 260 $aParis :$bJ. Duculot, S. A. Gembloux, P. Lethielleux,$cc1967. 300 $a159 p. ;$c19 cm. 490 1 $aRéponses chrétiennes 500 $aContiene indici. 504 $aBibliografia in nota. 611 24$aConcilium Vaticanum$n(2 :$d1962-1965)$tGaudium et spes.$0(OLS)http://pul/subject/33809 830 0$aRéponses chrétiennes.$0(OLS)http://pul/title/62751 850 $aPUL 852 $aPUL$W1$xDP1 Fondo Bordoni$y120$m3 B 82$j162937$qFondi$B171912$CPULBib$Z2$F171912 $HBor2013 $81 941 1 $a1 960 $aConcilium Vaticanum$n(2 :$d1962-1965)$tConstitutio pastoralis de ecclesia in mundo huius temporis$933809 996 $6245$aLe dialogue de l'E?glise et du monde d'apre?s Gaudium et Spes :$bSchema XIII$9(OLS)http://pul/title/186846 996 $6260$aParis :$bJ. Duculot, S. A. Gembloux, P. Lethielleux$9(OLS)http://pul/publisher/66575 LEADER 01331nam a2200313 a 4500 001 000000125565 003 CaOOAMICUS 005 20110601150001.0 008 110601s2011 it u000 u ita r 020 $a978-88-217-3461-8 040 $aPUL$bita 082 04$a346.4302 245 00$aContratti :$bformulario commentato con Cd-Rom /$ca cura di Francesco Macario ; con la collaborazione di Adriana Addante. 260 $aMilano :$bIpsoa,$c©2011. 300 $aXCIX, 2330 p. ;$c22 cm +$e1 Cd ROM 490 1 $aCommentari. 504 $aBibliografia in nota. 650 4$aContratti commerciali.$0(OLS)http://pul/subject/35497 700 1 $aMacario, Francesco,$d1960-$0(OLS)http://pul/name/71528 700 1 $aAddante, Adriana.$0(OLS)http://pul/name/79510 830 0$aCommentari IPSOA.$0(OLS)http://pul/title/133094 850 $aPUL 852 $aPUL$W1$xDP2 Diritto e Scienze Sociali 3$y110$m346. 4302 MACFR 1$j144635$qDDC 21$B143656$CPULBib$Z2$F143656 $H117303 $82 941 1 $a9 996 $6020$a978-88-217-3461-8$9(OLS)http://pul/number/147393 996 $6082$a346.4302$9(OLS)http://pul/classification/2031 996 $6245$aContratti :$bformulario commentato con Cd-Rom$9(OLS)http://pul/title/158335 996 $6260$aMilano :$bIpsoa$9(OLS)http://pul/publisher/67046